| 000 | 01060nam a2200325 a 4500 | ||
|---|---|---|---|
| 999 |
_c1136 _d1136 |
||
| 001 | 019282686 | ||
| 003 | UkOxU | ||
| 005 | 20211129083310.0 | ||
| 008 | 110509m20112013enka 000 0 eng d | ||
| 015 |
_aGBB162274 _2bnb |
||
| 020 | _a9781444143782 (Student's book) : | ||
| 020 | _a1444143786 (Student's book) : | ||
| 035 | _a(Uk)015813905 | ||
| 035 | _a(StEdALDL)1/2611612 | ||
| 040 |
_aStDuBDS _beng _cStDuBDS _dUkOxU |
||
| 049 | _aCROBAR | ||
| 082 | 0 | 4 |
_a500 RIL _222 |
| 100 | 1 | _aRiley, Peter D. | |
| 245 | 1 | 0 |
_aCheckpoint science. _n3 / _cPeter D. Riley. |
| 250 | _aNew ed. | ||
| 260 |
_aLondon : _bHodder Education, _c2011-2013. |
||
| 300 |
_a3 v. : _bill. ; _c28 cm. |
||
| 490 | 1 | _aCambridge checkpoint | |
| 500 | _a"Endorsed by University of Cambridge International Examinations". | ||
| 505 | 0 | _aStudent's book -- Teacher's resource book. | |
| 650 | 0 |
_aScience _xStudy and teaching. |
|
| 710 | 2 |
_aUniversity of Cambridge. _bLocal Examinations Syndicate. _bInternational Examinations. |
|
| 830 | 0 | _aCambridge checkpoint. | |
| 942 |
_2ddc _cNFIC |
||